| 000 | 00676nam a2200193Ia 4500 | ||
|---|---|---|---|
| 003 | GCL | ||
| 008 | 140319s9999 xx 000 0 ara d | ||
| 020 | _a5111829953 | ||
| 040 |
_aGCL / _cGCL |
||
| 082 | 0 | 4 |
_a303.4 _bع ع |
| 100 | 1 | _aعبدالاله بلقزيز | |
| 245 | 1 | 0 |
_aالعرب والحداثة : _bدراسة فى مقالات الحداثيين / _cعبدالاله بلقزيز |
| 250 | _aالاولى | ||
| 260 |
_aبيروت : _bمركز دراسات الوحدة العربية ، _c2007 |
||
| 300 |
_a176 ص ؛ _c24 سم |
||
| 650 | 0 | 4 | _aالحداثة - البلدان العربية |
| 650 | 0 | 4 | _aالحداثة فى السياسة |
| 942 |
_2ddc _cBK |
||
| 999 |
_c9355 _d9355 |
||